000 01148pam a2200373 a 4500
999 _c593
_d593
001 014507619
003 Uk
005 20190830124524.0
008 080125s2008 enka b 001 0 eng d
015 _aGBA812891
_2bnb
016 7 _a014507619
_2Uk
020 _a9780007267453
040 _aStDuBDS
_beng
_cStDuBDS
_dUk
042 _aukblsr
082 0 4 _a570 BOY
_223
100 1 _aBoyle, Mike.
_eauthor
245 1 0 _aBiology :
_bthe complete guide to biology /
_cMike Boyle & Kath Senior.
250 _a3rd ed.
260 _aLondon :
_bCollins,
_cc2008.
300 _a684 p. :
_bill. (some col.) ;
_c28 cm.
336 _atext
_2rdacontent
337 _aunmediated
_2rdamedia
338 _avolume
_2rdacarrier
490 0 _aCollins advanced science
500 _a"With bonus web downloads"--Cover.
500 _aPrevious ed.: London : HarperCollins, 2002.
500 _aFormerly CIP.
_5Uk
504 _aIncludes bibliographical references and index.
650 0 _aBiology.
650 0 _aBiology
_vProblems, exercises, etc.
700 1 _aSenior, Kathryn.
_eAuthor
942 _2ddc
_cNFIC